| Tag |
First Indicator |
Second Indicator |
Subfields |
| LEADER |
00000cam a2200000 4500 |
| 001 |
in00000040831 |
| 005 |
20151007064703.0 |
| 008 |
730405r1925 nyu 00000 eng u |
| 010 |
|
|
|a 25006713
|
| 035 |
|
|
|a (OCoLC)00597670
|
| 035 |
|
|
|9 AAE0387AM
|
| 040 |
|
|
|c KSU
|d TXA
|d UtOrBLW
|
| 049 |
|
|
|a TXAM
|c [29592]
|
| 050 |
0 |
0 |
|a HD9506.U62
|b S8
|
| 092 |
|
|
|a 338.2
|b S772m
|
| 100 |
1 |
|
|a Spurr, Josiah Edward,
|d 1870-1950.
|
| 245 |
1 |
4 |
|a The marketing of metals and minerals ;
|b a series of articles by specialists /
|c edited by Josiah Edward Spurr ... and Felix Edgar Wormser.
|
| 250 |
|
|
|a 1st ed.
|
| 264 |
|
1 |
|a New York [etc.] :
|b McGraw-Hill book company, inc.,
|c 1925.
|
| 300 |
|
|
|a 674 pages :
|b illustrations ;
|c 24 cm.
|
| 336 |
|
|
|a text
|b txt
|2 rdacontent
|
| 337 |
|
|
|a unmediated
|b n
|2 rdamedia
|
| 338 |
|
|
|a volume
|b nc
|2 rdacarrier
|
| 500 |
|
|
|a Articles published in the Engineering and mining journal-press. cf. Pref.
|
| 650 |
|
0 |
|a Metal trade
|z United States.
|
| 650 |
|
0 |
|a Mineral industries
|z United States.
|
| 700 |
1 |
|
|a Wormser, Felix Edgar,
|d 1894-
|
| 999 |
|
|
|a MARS
|
| 999 |
f |
f |
|s 9076e46c-974d-3e6c-b7ec-80fa4713ff59
|i edae5fd3-eef9-391b-8ca7-abc053da3ec0
|t 0
|
| 952 |
f |
f |
|p ric
|a Texas A&M University
|b Rellis Campus
|c Joint Library Facility
|d Remote Storage
|t 0
|e HD9506.U62 S8
|h Library of Congress classification
|i unmediated -- volume
|m A14800762146
|
| 998 |
f |
f |
|a HD9506.U62 S8
|t 0
|l Remote Storage
|